NBA 2017 Finals Starters - Statistics

General Stats
  • This quiz has been taken 622 times
  • The average score is 9 of 10
Answer Stats
Team & Position Player % Correct
GSW PG Stephen Curry
99%
GSW SG Klay Thompson
96%
CLE C Tristan Thompson
95%
GSW PF Draymond Green
93%
CLE SF LeBron James
92%
CLE PG Kyrie Irving
86%
GSW SF Kevin Durant
85%
CLE PF Kevin Love
82%
CLE SG J.R. Smith
73%
GSW C Zaza Pachulia
54%
No matching quizzes found
Score Distribution
Percent of People with Each Score
Percentile by Number Answered
Your Score History
You have not taken this quiz